| 000 | 00349 a2200157 4500 | ||
|---|---|---|---|
| 001 | 185974 | ||
| 020 | _a85-7272-200-9 | ||
| 040 | _cMagnum | ||
| 100 | _aFrei Beto | ||
| 240 | 1 | 0 |
_aSaborosa viagem pelo brasil _lpor |
| 245 | 1 | 0 | _aSaborosa viagem pelo brasil |
| 300 | _a | ||
| 362 | 0 | _a2004 | |
| 697 | _aLITERATURA INFANTO-JUVENIL | ||
| 942 | _cBK | ||
| 999 |
_c185974 _d185974 |
||